đź“– 150 permiers mots "Candide" Voltaire - Statistiques

Statistiques générales
  • Ce quiz a Ă©tĂ© pris 102 fois
  • Le rĂ©sultat moyen est 81 sur 150
Statistiques - réponses
Mots % Correct
c'
96%
ten-
96%
Thunder-
96%
tronckh,
96%
Ă 
95%
d'
93%
l'
91%
monsieur
91%
Monsieur
91%
le
90%
Vestphalie,
90%
de
88%
n'
84%
Candide.
81%
Il
81%
il
81%
un
81%
la
77%
et
75%
je
75%
une
74%
une ...
74%
château
70%
en
70%
les
70%
Les
70%
dans
68%
du
65%
des
64%
est,
64%
y
64%
avait
63%
qu'
63%
on
62%
était
59%
baron
58%
baron,
58%
jeune
57%
ne
57%
pour
57%
qui
56%
Sa
54%
garçon
53%
son
53%
par
49%
plus
49%
que
49%
car
47%
cette
37%
pu
37%
avec
36%
crois,
35%
nommait
35%
donné
33%
jamais
32%
porte
31%
raison
31%
fenĂŞtres.
30%
fils
30%
soeur
30%
maison
28%
bon
27%
été
25%
grande
22%
nature
22%
temps.
21%
droit,
20%
parce
20%
simple :
20%
esprit
19%
puissants
19%
domestiques
16%
âme.
15%
gentilhomme
15%
moeurs
15%
onze
15%
prouver
15%
seigneurs
15%
soixante
15%
arbre
14%
mĂŞme
14%
anciens
12%
assez
12%
épouser
12%
généalogique
12%
honnĂŞte
12%
quartiers,
12%
annonçait
11%
douces.
11%
perdu
11%
physionomie
11%
reste
11%
jugement
10%
voisinage,
10%
demoiselle
9%
injure
9%
voulut
9%
salle
7%
soupçonnaient
6%
ornée
5%
Aucun quiz correspondant
Distribution des résultats
% des personnes avec chaque résultat
Percentile par nombre de réponses
Votre historique - résultats
Vous n’avez pas pris ce quiz